[Event "34th Olympiad"]
[Site "Istanbul TUR"]
[Date "2000.11.05"]
[Round "8"]
[White "Pitterson,J"]
[Black "Kayle,C"]
[Result "1/2-1/2"]
[WhiteElo "2262"]
[BlackElo "2097"]

1.d4 d5 2.Nf3 Nf6 3.c4 e6 4.Nc3 Be7 5.Bf4 O-O 6.e3 c5 7.dxc5 Bxc5 8.a3 Nc6
9.b4 Be7 10.cxd5 Nxd5 11.Nxd5 exd5 12.Bd3 Bf6 13.Rc1 Re8 14.O-O Bg4 15.h3 Bxf3
16.Qxf3 a6 17.Rfd1 d4 18.Be4 Rc8 19.Bxc6 bxc6 20.Rxc6 Rxc6 21.Qxc6 Re6 22.Qc4 g5
23.Bg3 Qb6 24.exd4 Re4 25.Qc8+ Kg7 26.d5 h5 27.Qc6 Qa7 28.d6 Rd4 29.Rxd4 Qxd4
30.Qc5 Qa1+ 31.Kh2 h4 32.d7  1/2-1/2

[Event "34th Olympiad"]
[Site "Istanbul TUR"]
[Date "2000.11.05"]
[Round "8"]
[White "Sokolov,I"]
[Black "Hracek,Z"]
[Result "1/2-1/2"]
[WhiteElo "2611"]
[BlackElo "2612"]

1.d4 Nf6 2.c4 e6 3.Nf3 d5 4.Nc3 Be7 5.Bf4 O-O 6.e3 Nbd7 7.a3 c5 8.dxc5 Nxc5
9.Rc1 Nfe4 10.cxd5 Nxc3 11.Rxc3 exd5 12.Be2 Ne4 13.Rd3 Qb6 14.Be5 Qg6 15.O-O Bh3
16.Bg3 Be6 17.Nd4 Rac8 18.Bh5 Qf6 19.Bf3 Ng5 20.Bg4 g6 21.Nxe6 fxe6 22.Bh4 Qf7
23.Bxg5 Bxg5 24.Qe2 Rc4 25.b3 Rc6 26.e4 Rd8 27.Rfd1 Kg7 28.g3 Bf6 29.h4 Qc7
30.exd5 exd5 31.Rxd5 Rxd5 32.Rxd5 Rd6 33.Rxd6 Qxd6 34.a4 Bd4 35.Qf3 Qc6 36.Qf4 Qf6
37.Qc7+ Qf7 38.Qc2 a5 39.Kg2 b6 40.Bf3 Bc5 41.Be4 Qf6 42.Qe2 Qe5 43.Qc2 Qf6
44.Bd5 Qf5 45.Qb2+ Qf6 46.Qe2 Qd4 47.Bc4 Qf6 48.f4 Qd4 49.Kh3 h5 50.Qe6 Kh6
51.Bd5 Qd3 52.Be4 Qf1+ 53.Bg2 Qd3 54.Qg8 Qd7+ 55.Kh2 Qg7 56.Qe8 Qf8 57.Qe5 Qe7
58.Qh8+ Qh7 59.Qe8 Qe7 60.Be4 Kg7 61.Qc6 Qf6 62.Qd7+ Qe7 63.Qd3 Qf6 64.Kh3 Qd6
65.Qc2 Qf6 66.f5 g5 67.hxg5 Qxg5 68.Qc3+ Qf6 69.Qd2 Be7 70.Qf4 Qg5 71.Qe5+ Qf6
72.Qxf6+  1/2-1/2

[Event "34th Olympiad"]
[Site "Istanbul TUR"]
[Date "2000.11.05"]
[Round "8"]
[White "Xu Jun"]
[Black "Bruzon,L"]
[Result "1/2-1/2"]
[WhiteElo "2668"]
[BlackElo "2534"]

1.Nf3 d5 2.d4 Nf6 3.c4 e6 4.Nc3 Be7 5.Bf4 O-O 6.e3 Nbd7 7.Rc1 c5 8.dxc5 Nxc5
9.cxd5 Nxd5 10.Nxd5 exd5 11.a3 Be6 12.Be2 Rc8 13.Be5 Bf6 14.Bxf6 Qxf6 15.Nd4 Bd7
16.O-O Ne6 17.Rxc8 Rxc8 18.Bg4 h6 19.Bxe6 fxe6 20.f4 Kh8 21.Qh5 Kg8 22.h3 Be8
23.Qd1 Bg6 24.Qb3 b6 25.f5 exf5 26.Qxd5+ Kh7 27.Qd7 Rc5 28.Kh1 Re5 29.Rf3 Qe7
30.Qxe7 Rxe7 31.Kg1 Kg8 32.Kf2 Rc7 33.Ke1 Rc1+ 34.Kd2 Rb1 35.Kc3 Rc1+ 36.Kb4 Rc5
37.a4 a6 38.Ka3 Re5 39.b3 Bh7 40.Nc6 Re6 41.Nd4 Re5 42.Nc6 Re6 43.Nd4  1/2-1/2

[Event "Chigorin Mem"]
[Site "St Petersburg RUS"]
[Date "2000.11.06"]
[Round "6"]
[White "Demina,J"]
[Black "Vaulin,A"]
[Result "1/2-1/2"]
[WhiteElo "2368"]
[BlackElo "2552"]

1.Nf3 d5 2.d4 Nf6 3.c4 e6 4.Nc3 Be7 5.Bf4 O-O 6.e3 c5 7.dxc5 Bxc5 8.cxd5 Nxd5
9.Nxd5 exd5 10.a3 Nc6 11.Bd3 Be7 12.O-O Bf6 13.Qc2 g6 14.h3 Be6 15.Rac1 Rc8
16.Qb1 Kg7 17.b4 a6 18.Rfd1 Qe7 19.Bg3 Rfd8 20.e4 dxe4 21.Bxe4 Ba2 22.Qxa2 Qxe4
23.Qb3 h5 24.h4 Rxd1+ 25.Rxd1 Rd8 26.Rxd8 Nxd8 27.Ng5 Bxg5 28.hxg5 Ne6 29.Qc3+ Kg8
30.Be5 Kh7 31.a4 Nxg5 32.f4 Ne6 33.Qc8 Qe1+ 34.Kh2 Qh4+ 35.Kg1 Qe1+ 36.Kh2 Qh4+
37.Kg1 Qe1+  1/2-1/2

[Event "34th Olympiad Women"]
[Site "Istanbul TUR"]
[Date "2000.11.09"]
[Round "12"]
[White "Wang Lei"]
[Black "Koglin,A"]
[Result "1-0"]
[WhiteElo "2498"]
[BlackElo "2302"]

1.d4 d5 2.c4 e6 3.Nc3 Be7 4.Nf3 Nf6 5.Bf4 O-O 6.e3 c5 7.dxc5 Bxc5 8.a3 Nc6
9.Qc2 Qa5 10.Nd2 Be7 11.Bg3 a6 12.Be2 Qd8 13.Rd1 Bd7 14.cxd5 Nxd5 15.Nde4 Qa5
16.O-O Rac8 17.Qb3 Qb6 18.Qxb6 Nxb6 19.Nd6 Bxd6 20.Rxd6 f6 21.Rfd1 Rf7 22.a4 a5
23.f3 Kf8 24.e4 Rd8 25.R6d2  1-0

[Event "VI Open"]
[Site "Lisbon POR"]
[Date "2000.11.23"]
[Round "6"]
[White "Ibragimov,I"]
[Black "Bu Xiangzhi"]
[Result "1-0"]
[WhiteElo "2575"]
[BlackElo "2570"]

1.d4 d5 2.c4 e6 3.Nf3 Nf6 4.Nc3 Be7 5.Bf4 O-O 6.e3 c5 7.dxc5 Bxc5 8.cxd5 exd5
9.Be2 a6 10.O-O Nc6 11.Rc1 Be6 12.Ne5 Rc8 13.Na4 Ba7 14.Nxc6 Rxc6 15.Rxc6 bxc6
16.Qc2 Qa5 17.Bd6 Rc8 18.b4 Qd8 19.Bg3 Ne4 20.Bxa6 Nxg3 21.hxg3 Rc7 22.Bd3 g6
23.Nc5 d4 24.Nxe6 fxe6 25.e4 c5 26.b5 Qd6 27.Bc4 Bb6 28.Re1 Qe5 29.f4 d3
30.Qxd3 Qd4+ 31.Qxd4 cxd4 32.Bxe6+ Kf8 33.Rd1 Ke7 34.Bb3 Rc5 35.Kf1 Rxb5
36.Ke2 h5 37.Rc1 Bc5 38.Kd3 Ra5 39.e5 Rb5 40.Ke4 Ra5 41.a4 Kf8 42.Bd5 Ke7
43.Bc6 Ba3 44.Rc4 Rc5  1-0

[Event "Mitropa Team Cup"]
[Site "Charleville FRA"]
[Date "2000.11.25"]
[Round "1"]
[White "Pilaj,H"]
[Black "Doettling,F"]
[Result "0-1"]
[WhiteElo "2334"]
[BlackElo "2473"]

1.Nf3 d5 2.d4 Nf6 3.c4 e6 4.Nc3 Be7 5.Bf4 O-O 6.e3 c5 7.dxc5 Bxc5 8.cxd5 Nxd5
9.Nxd5 exd5 10.a3 Nc6 11.Bd3 Bb6 12.O-O d4 13.e4 Bg4 14.h3 Bh5 15.g4 Bg6
16.Qd2 Rc8 17.Rae1 Re8 18.Kh2 Bc7 19.Kg3 f6 20.Nh4 Bf7 21.Bxc7 Qxc7+ 22.f4 Na5
23.Nf5 Nb3 24.Qe2 Nc5 25.Rc1 Qd7 26.Qf3 b5 27.Rfd1 Bb3 28.Re1 g6 29.Bxb5 Qxb5
30.Nd6 Qa5 31.Nxe8 Rxe8 32.Rxc5 Qxe1+  0-1

[Event "National Chess Congress"]
[Site "Philadelphia USA"]
[Date "2000.11.27"]
[Round "4"]
[White "Goldin,A"]
[Black "Bonin,J"]
[Result "1-0"]
[WhiteElo "2575"]
[BlackElo "2407"]

1.d4 d5 2.c4 e6 3.Nf3 Nf6 4.Nc3 Be7 5.Bf4 Ne4 6.Qc2 Nxc3 7.Qxc3 Nc6 8.a3 O-O
9.e3 a5 10.Be2 Bd7 11.O-O Be8 12.Rac1 g5 13.Bg3 f5 14.cxd5 exd5 15.Qd2 Bg6
16.Bb5 Be8 17.Rfe1 g4 18.Bxc6 Bxc6 19.Ne5 Bb5 20.f3 Bd6 21.fxg4 Bxe5 22.Bxe5 c6
23.gxf5 Qg5 24.f6 Kf7  1-0

[Event "FIDE WCh KO"]
[Site "New Delhi IND"]
[Date "2000.12.02"]
[Round "2.3"]
[White "Bareev,E"]
[Black "Vaganian,R"]
[Result "1/2-1/2"]
[WhiteElo "2702"]
[BlackElo "2623"]

1.d4 d5 2.c4 e6 3.Nc3 Be7 4.Nf3 Nf6 5.Bf4 O-O 6.e3 Nbd7 7.c5 Nh5 8.Bg3 c6
9.Bd3 g6 10.b4 b6 11.O-O bxc5 12.bxc5 Nxg3 13.hxg3 e5 14.Qa4 Qc7 15.Be2 exd4
16.exd4 Bf6 17.Rac1 Rb8 18.Bd3 Kg7 19.Rfe1 h5 20.Ne2 Rh8 21.Rb1 Rxb1 22.Rxb1 Nf8
23.Ba6 Ne6 24.Bxc8 Rxc8 25.Qa6 Nd8 26.Nf4 Rb8 27.Qd3 Rxb1+ 28.Qxb1 h4 29.Kh2 hxg3+
30.fxg3 Qc8 31.Qe1 Ne6 32.Qe3 Nxf4 33.Qxf4 Qh8+ 34.Kg1 Qe8 35.Kf2 Qe4 36.Qxe4 dxe4
37.Ne5 Bxe5 38.dxe5 f5 39.Ke3 Kf7 40.g4 Ke6 41.Kd4 e3 42.Kxe3 Kxe5 43.gxf5 Kxf5
44.Kf3 a5 45.a4 Ke5 46.Kg4 Kd5 47.Kg5 Kxc5 48.Kxg6 Kd4 49.g4 c5 50.g5 c4
51.Kf6 c3 52.g6 c2 53.g7 c1=Q 54.g8=Q Qf4+ 55.Ke6 Kc5 56.Qg1+ Kb4 57.Qd1 Qe3+
58.Kd5 Qc5+ 59.Ke4 Qc6+ 60.Ke3 Qe6+ 61.Kd2 Qa2+ 62.Ke3 Qa3+ 63.Ke4  1/2-1/2

[Event "Open"]
[Site "Padova ITA"]
[Date "2000.12.02"]
[Round "1"]
[White "Quinn,M"]
[Black "Pircher,K"]
[Result "1-0"]
[WhiteElo "2381"]
[BlackElo "2041"]

1.Nf3 d5 2.c4 e6 3.d4 Nf6 4.Nc3 Be7 5.Bf4 O-O 6.e3 c5 7.dxc5 Bxc5 8.a3 a5
9.Qc2 Qe7 10.cxd5 exd5 11.Bd3 Rd8 12.Na4 b6 13.Rc1 Nbd7 14.O-O Ba6 15.Bxa6 Rxa6
16.Nd4 Bxd4 17.exd4 Raa8 18.Rfe1 Qf8 19.Qb3 Rdc8 20.Nxb6 Rxc1 21.Rxc1 Nxb6
22.Qxb6 Qe7 23.h3 h6 24.Be5 Ne4 25.f3 Qg5 26.Qc6 Qe3+ 27.Kh2 Nd2 28.Qxa8+ Kh7
29.Qxd5 Nxf3+ 30.Qxf3  1-0

[Event "Open"]
[Site "Padova ITA"]
[Date "2000.12.04"]
[Round "3"]
[White "Cacco,C"]
[Black "Pircher,K"]
[Result "1-0"]
[WhiteElo "2267"]
[BlackElo "2041"]

1.d4 d5 2.Nf3 Nf6 3.c4 e6 4.Nc3 Be7 5.Bf4 O-O 6.e3 c5 7.Be2 cxd4 8.exd4 dxc4
9.Bxc4 Bd7 10.O-O Bc6 11.Ne5 Bd5 12.Nxd5 Nxd5 13.Bg3 Qb6 14.b3 Rd8 15.Qh5 g6
16.Qf3 f5 17.Rad1 Nc6 18.Nxc6 Qxc6 19.a4 a6 20.Qe2 Bf6 21.Rfe1 Re8 22.Rc1 Qd7
23.Be5 Qg7 24.Bxd5 exd5 25.Bxf6 Qxf6 26.Qxe8+ Rxe8 27.Rxe8+ Kf7 28.Re5 Qb6
29.Rxd5 Qxb3 30.Rd7+ Kf6 31.Rxh7 Qxa4 32.Rxb7 Qxd4 33.Rb3 a5 34.Ra3 f4 35.h4 a4
36.Rca1 Qd7 37.Rxa4 Kf5 38.Rc4 Qe7 39.Raa4 Qe1+ 40.Kh2 Qxf2 41.Rxf4+ Qxf4+
42.Rxf4+ Kxf4 43.Kh3 g5 44.hxg5 Kxg5 45.Kg3 Kf5 46.Kh4 Kg6 47.Kg4 Kh6 48.Kf5 Kg7
49.g3 Kf7 50.g4 Kg7 51.Kg5 Kh7 52.Kf6 Kg8 53.Kg6 Kf8 54.Kh7  1-0

[Event "Open"]
[Site "Padova ITA"]
[Date "2000.12.07"]
[Round "6"]
[White "Naumkin,I"]
[Black "Danieli,E"]
[Result "1-0"]
[WhiteElo "2440"]
[BlackElo "2096"]

1.d4 d5 2.c4 e6 3.Nc3 Nf6 4.Nf3 Be7 5.Bf4 O-O 6.e3 c6 7.h3 Nbd7 8.Qc2 b6
9.cxd5 exd5 10.Bd3 Bb7 11.O-O h6 12.Rad1 Re8 13.Ne5 Nf8 14.Bf5 Bd6 15.Bg3 Bxe5
16.dxe5 N6d7 17.f4 Qe7 18.e4 Qc5+ 19.Bf2 Qa5 20.exd5 cxd5 21.Rd4 Rac8 22.Ra4  1-0

[Event "Open"]
[Site "Padova ITA"]
[Date "2000.12.08"]
[Round "7"]
[White "Timoscenko,G"]
[Black "Dervishi,E"]
[Result "1-0"]
[WhiteElo "2529"]
[BlackElo "2478"]

1.d4 Nf6 2.c4 e6 3.Nf3 d5 4.Nc3 Be7 5.Bf4 O-O 6.e3 c5 7.dxc5 Bxc5 8.a3 Nc6
9.b4 Be7 10.cxd5 Nxd5 11.Nxd5 exd5 12.Bd3 a6 13.O-O Bf6 14.Rc1 Be6 15.Qd2 Qe7
16.Rfe1 Rfc8 17.Bb1 Qd8 18.h3 g6 19.Ba2 Na7 20.Be5 Rxc1 21.Rxc1 Nc6 22.Bxf6 Qxf6
23.Nd4 Rc8 24.Nxc6 Rxc6 25.Rxc6 bxc6 26.Qc1 Bf5 27.Bb3 Be4 28.Bd1 d4 29.exd4 Qxd4
30.Be2 Qd5 31.Bc4 Qd6 32.Qe3 Qd1+ 33.Kh2 Qd6+ 34.Qg3 Qf6 35.Bxa6 h5 36.h4 c5
37.Bf1 cxb4 38.axb4 Kh7 39.b5 Qa1 40.Bd3 Ba8 41.Qf4 Bd5 42.Be2 Qb2 43.Qe3 Qb4
44.Qg5 Qd4 45.Qg3 Qb4 46.f3 Qd4 47.Qg5 Kg7 48.Kg3 Kh7 49.Qf4 Qb2 50.Bc4 Bxc4
51.Qxc4 Qe5+ 52.Kf2 Qb2+ 53.Ke3 Kg8 54.g3 Qe5+ 55.Kf2 Qb2+ 56.Qe2 Qd4+ 57.Kg2 Qb4
58.Kh2 Kh7 59.f4 f5 60.Kg2 Qb3 61.Qe7+ Kg8 62.Qc5 Qb2+ 63.Kf3 Qb3+ 64.Kf2 Qb2+
65.Ke3 Qb3+ 66.Kd4 Qxg3 67.Ke5 Qxh4 68.b6 Kf7 69.Qc7+ Ke8 70.b7 Qe1+ 71.Kf6 Qa1+
72.Qe5+  1-0

[Event "Bundesliga 2000-1"]
[Site "Plauen GER"]
[Date "2000.12.09"]
[Round "3"]
[White "Kempinski,R"]
[Black "Boensch,U"]
[Result "1/2-1/2"]
[WhiteElo "2522"]
[BlackElo "2558"]

1.d4 d5 2.c4 e6 3.Nc3 Nf6 4.Nf3 Be7 5.Bf4 O-O 6.e3 c5 7.dxc5 Bxc5 8.Qc2 Nc6
9.a3 Qa5 10.O-O-O Bd7 11.Nd2 Ne7 12.cxd5 exd5 13.Nb3 Qb6 14.Nxc5 Qxc5 15.Bd3 Rfc8
16.Be5 Qb6 17.Kb1 h6 18.h3 Qe6 19.f4 Bc6 20.Rhg1 Ne4 21.g4 Nxc3+ 22.Bxc3 d4
23.exd4 Nd5 24.Rc1 Nxf4 25.Bf5 Qe2 26.Rgf1 Qxc2+ 27.Rxc2 Ne6 28.h4 Re8 29.Rcf2 Rad8
30.Bxe6  1/2-1/2

[Event "Open"]
[Site "Zadar CRO"]
[Date "2000.12.11"]
[Round "3"]
[White "Savchenko,S"]
[Black "Sitnik,I"]
[Result "1-0"]
[WhiteElo "2579"]
[BlackElo "2336"]

1.d4 d5 2.c4 e6 3.Nf3 Nf6 4.Nc3 Be7 5.Bf4 O-O 6.e3 c5 7.dxc5 Bxc5 8.cxd5 Nxd5
9.Nxd5 exd5 10.a3 Nc6 11.Bd3 Bb6 12.O-O Bg4 13.h3 Bh5 14.b4 Re8 15.Rc1 Ne5
16.Be2 f6 17.Re1 Bf7 18.Nd4 Rc8 19.Rxc8 Qxc8 20.Qa1 a6 21.Rd1 h5 22.Bg3 Re7
23.Nf3 Nc4 24.Bd3 Qe8 25.Bc2 Qc6 26.Rc1 Kh8 27.Bb3 Qe6 28.Kh2 Qf5 29.Bc2 Qd7
30.Qc3 Bc7 31.Bxc7 Qxc7+ 32.Kh1 Ne5 33.Bd1 Qxc3 34.Rxc3 g6 35.h4 Kg7 36.Nd4 Be8
37.Bb3 Bc6 38.a4 f5 39.b5 axb5 40.axb5 Be8 41.Bxd5 Kf6 42.g3 b6 43.Rc8 Bf7
44.Bxf7 Kxf7 45.Nc6 Nxc6 46.bxc6 Ke6 47.Rb8 Rc7 48.Rxb6 Kd5 49.Kg2 Ke4 50.Rb4+ Kd5
51.Rd4+ Ke5 52.Rc4 Kd5 53.Rc2 Ke4 54.Rc3  1-0

[Event "17th Open"]
[Site "Boblinger GER"]
[Date "2000.12.28"]
[Round "4"]
[White "Delemarre,J"]
[Black "Meijers,V"]
[Result "1-0"]
[WhiteElo "2347"]
[BlackElo "2478"]

1.d4 d5 2.c4 e6 3.Nf3 Nf6 4.Nc3 Be7 5.Bf4 O-O 6.e3 b6 7.Bd3 Bb7 8.cxd5 exd5
9.Ne5 a6 10.g4 c5 11.Qf3 cxd4 12.exd4 Nc6 13.Nxc6 Bxc6 14.O-O g6 15.Rfe1 Re8
16.Re2 Qd7 17.Rae1 Bf8 18.h3 Rxe2 19.Rxe2 b5 20.Be5 Ne8 21.g5 Bg7 22.Nd1 Rc8
23.Kg2 Bb7 24.Bxg7 Nxg7 25.Ne3 Qd8 26.h4 Nh5 27.Ng4 Kg7 28.Nh6 Rc7 29.Qe3 Bc6
30.f4 Qd6 31.Kf3 f6 32.Bf5 Kf8 33.Bg4 Ng7 34.gxf6 Qxf6 35.Qa3+ Re7 36.Ng8  1-0

[Event "It"]
[Site "Reggio Emilia ITA"]
[Date "2000.12.30"]
[Round "1"]
[White "Efimov,I"]
[Black "Costantini,R"]
[Result "1-0"]
[WhiteElo "2520"]
[BlackElo "2233"]

1.d4 d5 2.c4 e6 3.Nc3 Nf6 4.Nf3 Be7 5.Bf4 O-O 6.e3 Nbd7 7.c5 c6 8.Bd3 b6
9.b4 a5 10.a3 Ba6 11.Bxa6 Rxa6 12.b5 cxb5 13.c6 Qc8 14.Nxb5 Qxc6 15.Nc7 Ra7
16.Rc1 Qb7 17.a4 Bb4+ 18.Ke2 Rc8 19.Qd3 Nh5 20.Nb5 Nxf4+ 21.exf4 Raa8 22.f5 Nf8
23.Ne5 Rxc1 24.Rxc1 Rc8 25.Rc2 f6 26.Ng4 exf5 27.Ne3 f4 28.Qf5 Rxc2+ 29.Nxc2 Qc6
30.Kd1 Bd6 31.Nc3 Be5 32.Kd2 g6 33.Qh3 Bd6 34.Qf3 Nd7 35.Nxd5 Qxa4 36.Nc3 Qc4
37.Qb7 Qc7 38.Qd5+ Kf8 39.Nb5 Qb8 40.Nxd6 Ke7 41.Nb5 f5 42.Qc6 Nf6 43.Nc7 Qg8
44.Qxb6 Ne4+ 45.Kc1 Qc4 46.f3 Nd6 47.Qxa5  1-0

[Event "Rilton Cup"]
[Site "Stockholm SWE"]
[Date "2001.01.02"]
[Round "6"]
[White "Gyimesi,Z"]
[Black "Akesson,R"]
[Result "1/2-1/2"]
[WhiteElo "2539"]
[BlackElo "2486"]

1.d4 Nf6 2.c4 e6 3.Nf3 d5 4.Nc3 Be7 5.Bf4 O-O 6.e3 c5 7.dxc5 Bxc5 8.a3 Nc6
9.cxd5 Nxd5 10.Nxd5 exd5 11.Bd3 Bb6 12.O-O d4 13.e4 Bg4 14.h3 Bh5 15.Rc1 Re8
16.Re1 Rc8 17.Bh2 Bc7 18.Bxc7 Rxc7 19.Bb5 Bxf3 20.Qxf3 Qg5 21.Bxc6 Rxc6 22.Rcd1 Qe5
23.Qd3 Rd8 24.g3 g6 25.Kg2 Rb6 26.Re2 a5 27.Qc4 Rc6 28.Qb3 Qc7 29.h4 Rc4
30.Qf3 Qe5 31.Qd3 b5 32.f4 Qc5 33.Rdd2 a4 34.e5 b4 35.axb4  1/2-1/2

[Event "Open"]
[Site "Ano Liosia GRE"]
[Date "2001.01.05"]
[Round "8"]
[White "Vouldis,A"]
[Black "Miladinovic,I"]
[Result "1-0"]
[WhiteElo "2497"]
[BlackElo "2563"]

1.Nf3 d5 2.c4 e6 3.d4 Nf6 4.Nc3 Be7 5.Bf4 O-O 6.e3 a6 7.Qc2 Nc6 8.a3 Nh5
9.Be5 g6 10.Be2 Rb8 11.Rd1 dxc4 12.Bxc4 b5 13.Ba2 Bb7 14.O-O Nxe5 15.Nxe5 b4
16.axb4 Bxb4 17.Ne4 Qe7 18.Rc1 Bd6 19.Nc5 Bxe5 20.dxe5 Rfd8 21.f4 Ng7 22.e4 Rd4
23.Rfd1 Qd8 24.Rxd4 Qxd4+ 25.Qf2 Qd8 26.Bc4 a5 27.b3 Bc6 28.Qe3 h5 29.Be2 Qe7
30.Ra1 Bb5 31.Rxa5 Bxe2 32.Qxe2 Qd8 33.Ra4 Qe7 34.Rc4 Rd8 35.g3 g5 36.Nd3 c6
37.Qe3 Qd7 38.Rc3 h4 39.fxg5 hxg3 40.hxg3 Qe7 41.Kg2 Qa3 42.Qc1 Qa2+ 43.Kf3 Qa6
44.Nf4 Qb5 45.Rxc6 Qxe5 46.g6 fxg6 47.Rc8 Rxc8 48.Qxc8+ Kh7 49.Qh8+  1-0

[Event "1st Integrata GM"]
[Site "Darmstadt GER"]
[Date "2001.01.09"]
[Round "3"]
[White "Bunzmann,D"]
[Black "Galdunts,S"]
[Result "1/2-1/2"]
[WhiteElo "2484"]
[BlackElo "2495"]

1.d4 d5 2.c4 e6 3.Nc3 Be7 4.Nf3 Nf6 5.Bf4 O-O 6.e3 b6 7.Bd3 c5 8.cxd5 exd5
9.O-O Na6 10.Ne5 Bb7 11.Bb5 Qc8 12.Rc1 Qe6 13.Be2 Rfd8 14.Qa4 Nb4 15.Rfe1 a6
16.Qd1 Rac8 17.a3 Nc6 18.Na4 Na5 19.Bg5 c4 20.Bxf6 Qxf6 21.Bg4 Rc7 22.b4 Nc6
23.f4 a5 24.Nc3 Nxe5 25.fxe5 Qg5 26.bxa5 bxa5 27.Nb5 Rc6 28.Qf3 f6 29.Rb1 fxe5
30.dxe5 Qxe5 31.Nd4 Rf6 32.Qh3 Ba6 33.Nf3 Qe4 34.Ng5 Qg6 35.Ne6 Bc8 36.Nxd8 Bxg4
37.Qh4 Rf1+ 38.Rxf1 Bxh4 39.Rb8 Qd6 40.Nc6+ Qxb8 41.Nxb8 Be2 42.Rc1 Be7 43.Nc6 Bxa3
44.Ra1 Bb2 45.Rxa5 c3 46.Nd4 Bc4 47.Rc5 Kf7 48.e4 Ke7 49.exd5 Bd3 50.Rc6 Kd7
51.Kf2 Be4 52.Rc5 Kd6 53.Rxc3  1/2-1/2

[Event "Bundesliga 2000-1"]
[Site "Bad Godesberg GER"]
[Date "2001.01.27"]
[Round "6"]
[White "Schandorff,L"]
[Black "Vaganian,R"]
[Result "1/2-1/2"]
[WhiteElo "2520"]
[BlackElo "2623"]

1.d4 e6 2.c4 d5 3.Nc3 Be7 4.Nf3 Nf6 5.Bf4 O-O 6.e3 Nbd7 7.c5 Nh5 8.Bd3 Nxf4
9.exf4 c6 10.O-O b6 11.b4 bxc5 12.bxc5 Qa5 13.Qc2 h6 14.Rab1 Ba6 15.Bxa6 Qxa6
16.Rb4 Rfb8 17.Rfb1 Bd8 18.g3 Rxb4 19.Rxb4 Rb8 20.Rxb8 Nxb8 21.Kg2 Nd7 22.Qa4 Qxa4
23.Nxa4 g5 24.Nb2 gxf4 25.gxf4 f6 26.Nd3 Kf7 27.f5 Bc7 28.fxe6+ Kxe6 29.Nh4 f5
30.Ng6 Kf6 31.Ngf4 Nf8 32.Kf3 a5 33.h3 Ng6 34.Nxg6 Kxg6 35.Nf4+ Bxf4 36.Kxf4 Kf6
37.a4  1/2-1/2

[Event "TCh-FRA"]
[Site "Noyon FRA"]
[Date "2001.02.02"]
[Round "1"]
[White "Tregubov,P"]
[Black "Rausis,I"]
[Result "1/2-1/2"]
[WhiteElo "2628"]
[BlackElo "2525"]

1.d4 d5 2.c4 e6 3.Nf3 Nf6 4.Nc3 Be7 5.Bf4 O-O 6.e3 a6 7.c5 Nc6 8.Rb1 Ne4
9.Bd3 f5 10.Ne5 Bf6 11.Nxc6 bxc6 12.O-O g5 13.Bxe4 gxf4 14.Bc2 fxe3 15.f4 Bg7
16.Qd3 Qf6 17.Ne2 a5 18.Qxe3 Ba6 19.Bd3 Kh8 20.Bxa6 Rxa6 21.Qb3 Qd8 22.Rf3 a4
23.Qc3 Ra8 24.Kh1 Rf6 25.Nc1 Rg6 26.Nd3 Qg8 27.Rg1 Bf6 28.Re3 Qg7 29.Ne5 Bxe5
30.Rxe5 Qh6 31.g3 Rag8 32.Qe3 Qh5 33.Qe2 Qxe2 34.Rxe2 Rb8 35.Rd1 Kg7 36.b3 axb3
37.Rb2 Kf7 38.Rxb3 Rxb3 39.axb3 Rg8 40.Ra1 Ke7 41.b4 h5 42.Ra7 Kd7 43.Kg2 h4
44.Ra3 Rh8 45.h3 hxg3 46.Rxg3 Ke7 47.Rg7+ Kf6 48.Rxc7  1/2-1/2

[Event "9th Aosta Valley"]
[Site "Saint Vincent ITA"]
[Date "2001.02.06"]
[Round "4"]
[White "Timoscenko,G"]
[Black "Polak,T"]
[Result "1/2-1/2"]
[WhiteElo "2525"]
[BlackElo "2505"]

1.d4 Nf6 2.c4 e6 3.Nf3 d5 4.Nc3 Be7 5.Bf4 O-O 6.e3 c5 7.dxc5 Bxc5 8.a3 Nc6
9.cxd5 exd5 10.Be2 Be6  1/2-1/2

[Event "9th Aosta Valley"]
[Site "Saint Vincent ITA"]
[Date "2001.02.11"]
[Round "9"]
[White "Del Rio Angelis,S"]
[Black "Costantini,R"]
[Result "1/2-1/2"]
[WhiteElo "2472"]
[BlackElo "2273"]

1.c4 e6 2.d4 Nf6 3.Nf3 d5 4.Nc3 Be7 5.Bf4 O-O 6.e3 Nbd7 7.c5 c6 8.Bd3 b6
9.b4 a5 10.a3 Ba6 11.Bxa6 Rxa6 12.O-O Qc8 13.Qb3 Qb7 14.bxa5 Rxa5 15.cxb6 Rfa8
16.a4 Bd8 17.Rfb1 Qxb6 18.Qc2 Qa7 19.Nd2 Ra6 20.Nb3 Be7 21.h3 h6 22.a5 Bd8
23.Na4 Ne8 24.Nb6 Bxb6 25.axb6 Nxb6 26.Qxc6 Nc4 27.Rxa6 Qxa6 28.Qxa6 Rxa6
29.Nc5 Ra8  1/2-1/2

[Event "TCh-SVK"]
[Site "SVK"]
[Date "2001.02.11"]
[Round "9"]
[White "Mokos,J"]
[Black "Rybansky,D"]
[Result "1-0"]
[WhiteElo "2181"]
[BlackElo "2205"]

1.d4 Nf6 2.Nf3 e6 3.c4 d5 4.Nc3 Be7 5.Bf4 O-O 6.e3 a6 7.Qc2 dxc4 8.Bxc4 Nbd7
9.Rd1 c5 10.d5 exd5 11.Bxd5 Qa5 12.O-O Ra7 13.e4 Re8 14.Bxf7+ Kxf7 15.Ng5+ Kf8
16.Qb3 Nd5 17.Nxh7+  1-0

[Event "Open"]
[Site "Coria del Rio ESP"]
[Date "2001.02.19"]
[Round "6"]
[White "Vera,R"]
[Black "Campora,D"]
[Result "1/2-1/2"]
[WhiteElo "2562"]
[BlackElo "2513"]

1.d4 Nf6 2.c4 e6 3.Nc3 d5 4.Nf3 Be7 5.Bf4 O-O 6.e3 c5 7.dxc5 Bxc5 8.a3 Nc6
9.Qc2 Qa5 10.O-O-O Be7 11.g4 dxc4 12.Bxc4 Nxg4 13.Rhg1 Qh5 14.h3 Nf6 15.Be2 Qf5
16.Bd3 Qh5 17.Be2 Qf5 18.Bd3 Qh5 19.Be2  1/2-1/2

[Event "It"]
[Site "Tel Aviv ISR"]
[Date "2001.02.22"]
[Round "3"]
[White "Postny,E"]
[Black "Mikhalevski,A"]
[Result "1/2-1/2"]
[WhiteElo "2432"]
[BlackElo "2438"]

1.Nf3 d5 2.d4 Nf6 3.c4 e6 4.Nc3 Be7 5.Bf4 O-O 6.e3 c5 7.dxc5 Bxc5 8.Qc2 Nc6
9.a3 Qa5 10.O-O-O Be7 11.h4 Rd8 12.cxd5 Nxd5 13.Ng5 g6 14.Nxd5 exd5 15.Kb1 Bf5
16.Bd3 Bxd3 17.Qxd3 Bf6 18.h5 Qb6 19.Rd2 Na5 20.hxg6 fxg6 21.Nxh7 Bg7 22.Bg5 Nc4
23.Bxd8 Rxd8 24.Ka2 Nxd2 25.Qxd2 d4 26.Qd3 Qe6+ 27.Kb1 Re8 28.Ng5  1/2-1/2

[Event "Czech Extra League 2000-1"]
[Site "CZE"]
[Date "2001.02.24"]
[Round "6"]
[White "Lechtynsky,J"]
[Black "Mozny,M"]
[Result "1-0"]
[WhiteElo "2400"]
[BlackElo "2412"]

1.Nf3 d5 2.d4 Nf6 3.c4 e6 4.Nc3 Be7 5.Bf4 O-O 6.e3 Nbd7 7.Qc2 c6 8.h3 Qa5
9.Be2 Ne4 10.O-O Nxc3 11.bxc3 b6 12.Nd2 f5 13.cxd5 cxd5 14.a4 b5 15.axb5 Qd8
16.c4 dxc4 17.Bf3 e5 18.dxe5 Nb6 19.Nxc4 Be6 20.Nxb6 Qxb6 21.Ra6 Rac8 22.Rxb6 axb6
23.Bc6 g5 24.Bh2 Bc5 25.Rd1 Rcd8 26.Rd6 f4 27.exf4 Bxd6 28.exd6 Rxd6 29.f5 Bxf5
30.Qc4+ Be6 31.Qe2  1-0

[Event "It"]
[Site "Tel Aviv ISR"]
[Date "2001.02.26"]
[Round "6"]
[White "Gyimesi,Z"]
[Black "Doettling,F"]
[Result "1/2-1/2"]
[WhiteElo "2564"]
[BlackElo "2509"]

1.d4 Nf6 2.c4 e6 3.Nf3 d5 4.Nc3 Be7 5.Bf4 O-O 6.e3 c5 7.dxc5 Bxc5 8.cxd5 Nxd5
9.Nxd5 exd5 10.a3 Nc6 11.Bd3 Bb6 12.O-O d4 13.e4 Bg4 14.h3 Bh5 15.Rc1 Rc8
16.Re1 Re8 17.Bh2 Bc7 18.Bxc7 Rxc7 19.Bb5 Bxf3 20.Qxf3 a6 21.Bxc6 Rxc6 22.Qd3 Qb6
23.Rc2 Rxc2 24.Qxc2 g6 25.Rd1 d3  1/2-1/2

[Event "Open"]
[Site "Cappelle la Grande FRA"]
[Date "2001.02.28"]
[Round "6"]
[White "Schlosser,P"]
[Black "Goldin,A"]
[Result "0-1"]
[WhiteElo "2511"]
[BlackElo "2595"]

1.Nf3 d5 2.d4 Nf6 3.c4 e6 4.Nc3 Be7 5.Bf4 O-O 6.e3 c5 7.dxc5 Bxc5 8.cxd5 Nxd5
9.Nxd5 exd5 10.a3 Nc6 11.Bd3 Bb6 12.O-O Bg4 13.h3 Bh5 14.Rc1 Re8 15.Re1 Qf6
16.g4 Bg6 17.Bxg6 hxg6 18.Qxd5 Qxb2 19.a4 Rad8 20.Qc4 Na5 21.Qc2 Qxc2 22.Rxc2 Nc6
23.Rc4 f6 24.Kf1 Kf7 25.Ke2 g5 26.Bg3 Na5 27.Rb4 Nc6 28.Rc4 Rd7 29.Rec1 Red8
30.h4 gxh4 31.Bxh4 g5 32.Bg3 Re8 33.Rh1 Kg6 34.Rhc1 Re6 35.Rh1 Na5 36.Rc8 Re4
37.Rch8 Rg7 38.Bd6 Rxg4 39.R1h6+ Kf5 40.Rf8 Rg6 41.Rxg6 Kxg6 42.Be7 Kg7 43.Rxf6 Re4
44.Rxb6 axb6 45.Bxg5 Rxa4 46.Nd2 b5 47.e4 b4 48.Bd8 Nc6 49.Bg5 Ra3 50.Be3 Rc3
51.Nb1 Rc2+ 52.Nd2 b3 53.Kd1 Rc3 54.Nb1 Rc4 55.Nd2 b2 56.Ke2 Kg6 57.Nf3 Na5
58.Ng1  0-1

[Event "IV Open"]
[Site "Malaga ESP"]
[Date "2001.03.03"]
[Round "9"]
[White "Cifuentes Parada,R"]
[Black "Biedma Martin,E"]
[Result "1-0"]
[WhiteElo "2496"]
[BlackElo "2288"]

1.Nf3 Nf6 2.c4 e6 3.Nc3 d5 4.d4 Be7 5.Bf4 O-O 6.e3 a6 7.c5 Nc6 8.Bd3 b6 9.cxb6 cxb6
10.h3 Bb7 11.Rc1 b5 12.O-O Rc8 13.a4 b4 14.Nb1 Ne4 15.Nbd2 Na5 16.Rxc8 Qxc8
17.Qb1 f5 18.Rc1 Nxd2 19.Nxd2 Qa8 20.f3 Rc8 21.g4 g6 22.gxf5 exf5 23.Kf2 Rxc1
24.Qxc1 Qc8 25.Qc7 Qxc7 26.Bxc7 Nc6 27.Nb3 Kf7 28.Bb6 Ke6 29.Nc5+ Bxc5 30.Bxc5 b3
31.Ke2 Na5 32.Kd2 Nc4+ 33.Kc3 Nxe3 34.Kxb3 g5 35.Bf8 Kf7 36.Bb4 h5 37.Bd2 f4
38.Kc3 Bc8 39.Bxe3 fxe3 40.b4 a5 41.bxa5 Bxh3 42.a6 Bc8 43.a7 Bb7 44.Ba6 Ba8
45.Kd3 Ke7 46.Kxe3 Kd6 47.a5 Kc7 48.Kf2 Bb7 49.Kg3 Bc6 50.f4 g4 51.Bb5 Ba8
52.Be8 Kb7 53.f5 Kc7 54.Bxh5  1-0

[Event "Ivan Zanic Mem"]
[Site "Stara Pazova YUG"]
[Date "2001.03.13"]
[Round "5"]
[White "Ostojic,N"]
[Black "Radulski,J"]
[Result "0-1"]
[WhiteElo "2451"]
[BlackElo "2432"]

1.d4 d5 2.c4 e6 3.Nc3 Nf6 4.Nf3 Be7 5.Bf4 dxc4 6.e4 a6 7.Bxc4 b5 8.Bd3 Bb7
9.Qe2 Nbd7 10.O-O c5 11.e5 Nd5 12.Bg3 cxd4 13.Ne4 Nb4 14.Bh4 Qb6 15.Bxe7 Kxe7
16.Rad1 Rad8 17.Bb1 h6 18.Rxd4 Nc6 19.Rd6 Qc7 20.Rc1 Ndxe5 21.Nxe5 Rxd6 22.Qf3 Rd5
23.Qxf7+ Kd8 24.Nc5 Rxe5 25.Nxb7+ Kc8 26.f4 Qb6+ 27.Kh1 Qxb7 28.Qxb7+ Kxb7
29.fxe5 Nxe5 30.Re1 Rd8 31.h3 Nc4 32.b3 Nd2 33.Bg6 Rd6 34.Bf7 Kc6 35.Bxe6 Kc5
36.h4 Kb4 37.Kh2 Ka3 38.Kg3 Kxa2 39.Kg4 Kb2 40.Re2 Kc3 41.Kf5 Rd3 42.g4 Nxb3
43.Bxb3 Kxb3 44.Re7 a5 45.Rxg7 a4 46.Rg6 a3 47.Rxh6 a2 48.Ra6 Kb2 49.Rxa2+ Kxa2
50.g5  0-1